header

Peacebuilding in practice (Record no. 36376)

MARC details
000 -LEADER
fixed length control field 01558nam a2200361Ia 4500
082 04 - DEWEY DECIMAL CLASSIFICATION NUMBER
Classification number 949.74203
100 1# - MAIN ENTRY--AUTHOR NAME
Personal name Moore, Adam,
245 10 - TITLE STATEMENT
Title Peacebuilding in practice
260 ## - PUBLICATION, DISTRIBUTION, ETC. (IMPRINT)
Place of publication Ithaca, NY :
Name of publisher Cornell University Press,
Year of publication 2013.
300 ## - PHYSICAL DESCRIPTION
Number of Pages xii, 225 p. :
Other physical details maps.
650 #0 - SUBJECT ADDED ENTRY--TOPICAL TERM
Topical Term Peace-building
Topical Term Peace-building
Topical Term International agencies
Topical Term International agencies
856 40 - ELECTRONIC LOCATION AND ACCESS
Uniform Resource Identifier http://site.ebrary.com/lib/rucke/Doc?id=10738662

No items available.

© 2026 Rongo University
Contact us: librarian | system librarian | Rongo university